MARC details
| 000 -LEADER |
| fixed length control field |
01419nam a22002777a 4500 |
| 001 - CONTROL NUMBER |
| control field |
03102 |
| 003 - CONTROL NUMBER IDENTIFIER |
| control field |
HDC |
| 007 - PHYSICAL DESCRIPTION FIXED FIELD--GENERAL INFORMATION |
| fixed length control field |
p uk fo d 00 g |
| 008 - FIXED-LENGTH DATA ELEMENTS--GENERAL INFORMATION |
| fixed length control field |
210102b20152015le ||||| |||| 00| 0 eng d |
| 040 ## - CATALOGING SOURCE |
| Original cataloging agency |
HDC |
| 245 #4 - TITLE STATEMENT |
| Title |
The Digital Islamic Services Landscape |
| Remainder of title |
: Uncovering the Digital Islamic Services Opportunity for the Middle East and the World |
| Statement of responsibility, etc. |
/ Deloitte & Touche |
| 260 ## - PUBLICATION, DISTRIBUTION, ETC. |
| Place of publication, distribution, etc. |
Lebanon: |
| Name of publisher, distributor, etc. |
Deloitte, |
| Date of publication, distribution, etc. |
2015 |
| 300 ## - PHYSICAL DESCRIPTION |
| Extent |
1 online resource (86 pages): |
| Other physical details |
chiefly colour illustrations |
| 336 ## - CONTENT TYPE |
| Content type term |
text |
| Source |
rdacontent |
| 337 ## - MEDIA TYPE |
| Media type term |
computer |
| Source |
rdamedia |
| 338 ## - CARRIER TYPE |
| Carrier type term |
online resource |
| Source |
rdacarrier |
| 500 ## - GENERAL NOTE |
| General note |
Includes bibliographical references |
| 520 ## - SUMMARY, ETC. |
| Summary, etc. |
The Digital Islamic Services landscape has been defined under nine key industry verticals and areas, which constitute the pillars of the global Digital Islamic Economy: Halal Food, Halal Travel, Islamic Finance, Modest Fashion, Islamic Art & Design, Islamic Economy Education, Smart Mosques, Islamic Media all centered around associated Islamic Standards & Certifications. |
| 650 ## - SUBJECT ADDED ENTRY--TOPICAL TERM |
| Topical term or geographic name entry element |
Economic policy |
| 9 (RLIN) |
1976 |
| 651 ## - SUBJECT ADDED ENTRY--GEOGRAPHIC NAME |
| Geographic name |
Middle East |
| General subdivision |
Economic policy |
| 9 (RLIN) |
1977 |
| 710 ## - ADDED ENTRY--CORPORATE NAME |
| Corporate name or jurisdiction name as entry element |
Deloitte |
| Relator term |
issuing body |
| 856 ## - ELECTRONIC LOCATION AND ACCESS |
| Public note |
Request full-text at [email protected] |
| 942 ## - ADDED ENTRY ELEMENTS (KOHA) |
| Source of classification or shelving scheme |
Library of Congress Classification |
| 942 ## - ADDED ENTRY ELEMENTS (KOHA) |
| Koha item type |
Book |
| 942 ## - ADDED ENTRY ELEMENTS (KOHA) |
| Call number prefix |
REPT 000103 |